[Event "Zlin Region-chT 2324"]
[Site "Czech Republic"]
[Date "2024.03.24"]
[Round "10.6"]
[White "Hobza, Richard"]
[Black "Jakubal, Petr"]
[Result "1/2-1/2"]
[WhiteElo "1744"]
[BlackElo "1681"]
[PlyCount "68"]
[EventDate "2023.10.22"]
[EventType "team-tourn"]
[EventRounds "11"]
[EventCountry "CZE"]
[SourceTitle "EXT 2025"]
[Source "ChessBase"]
[SourceDate "2024.10.14"]
[SourceVersion "1"]
[SourceVersionDate "2024.10.14"]
[SourceQuality "1"]
[WhiteTeam "Zlin Malenovice"]
[BlackTeam "Francova Lhota Sokol"]
[WhiteTeamCountry "CZE"]
[BlackTeamCountry "CZE"]

1. Nf3 d5 2. g3 Nf6 3. Bg2 h6 4. 0-0 Bf5 5. d4 e6 6. c4 c6 7. Qb3 Qb6 8. c5 Qxb3 9. axb3 Be7 10. b4 Nbd7 11. Nc3 Ne4 12. Nd2 Nxd2 13. Bxd2 0-0 14. e4 dxe4 15. Nxe4 Bxe4 16. Bxe4 Nf6 17. Bg2 a6 18. f4 Rfd8 19. Bc3 Nd5 20. Rf3 Bf6 21. f5 exf5 22. Rxf5 Ne3 23. Rf4 Nxg2 24. Kxg2 Rd5 25. Re4 Rad8 26. Rd1 Kf8 27. Kf3 Re8 28. Rde1 Rxe4 29. Rxe4 Rh5 30. h4 Rd5 31. Ke3 h5 32. Bd2 g5 33. Kd3 Rf5 34. Ke2 Rd5 1/2-1/2

[Event "Zlin Region-chT 2324"]
[Site "Czech Republic"]
[Date "2024.03.03"]
[Round "9.8"]
[White "Jakubal, Petr"]
[Black "Kostrhun, Jan"]
[Result "1-0"]
[WhiteElo "1681"]
[BlackElo "1807"]
[PlyCount "77"]
[EventDate "2023.10.22"]
[EventType "team-tourn"]
[EventRounds "11"]
[EventCountry "CZE"]
[SourceTitle "EXT 2025"]
[Source "ChessBase"]
[SourceDate "2024.10.14"]
[SourceVersion "1"]
[SourceVersionDate "2024.10.14"]
[SourceQuality "1"]
[WhiteTeam "Francova Lhota Sokol"]
[BlackTeam "Valasske Mezirici"]
[WhiteTeamCountry "CZE"]
[BlackTeamCountry "CZE"]

1. e4 c5 2. Nf3 d6 3. Bb5+ Bd7 4. Bxd7+ Nxd7 5. d4 Ngf6 6. Nc3 cxd4 7. Qxd4 g6 8. Bg5 Bg7 9. Nd5 0-0 10. Nxf6+ Nxf6 11. c3 a6 12. 0-0 Qc7 13. Qd3 b5 14. a3 Rfd8 15. Rfe1 Qb7 16. Rad1 a5 17. e5 dxe5 18. Qxd8+ Rxd8 19. Rxd8+ Bf8 20. Bh6 Nd7 21. Nxe5 Qc7 22. Rxd7 Qb6 23. Bxf8 Kxf8 24. Nf3 e6 25. h3 Qc5 26. Rd4 Qf5 27. Rd2 Qf4 28. Red1 h6 29. Rd4 Qf5 30. Nh2 Qc2 31. R4d2 Qb3 32. Ng4 Kg7 33. Ne3 b4 34. axb4 axb4 35. c4 f5 36. c5 Qa4 37. Rc1 Qc6 38. Rd6 Qc8 39. c6 1-0

[Event "Zlin Region-chT 2324"]
[Site "Czech Republic"]
[Date "2023.11.12"]
[Round "2.8"]
[White "Jakubal, Petr"]
[Black "Oplustil, Pavel"]
[Result "1-0"]
[WhiteElo "1681"]
[BlackElo "1411"]
[PlyCount "107"]
[EventDate "2023.10.22"]
[EventType "team-tourn"]
[EventRounds "11"]
[EventCountry "CZE"]
[SourceTitle "EXT 2025"]
[Source "ChessBase"]
[SourceDate "2024.10.14"]
[SourceVersion "1"]
[SourceVersionDate "2024.10.14"]
[SourceQuality "1"]
[WhiteTeam "Francova Lhota Sokol"]
[BlackTeam "Postoupky Sokol"]
[WhiteTeamCountry "CZE"]
[BlackTeamCountry "CZE"]

1. e4 d5 2. exd5 Nf6 3. Bb5+ Bd7 4. Bc4 Bf5 5. Nc3 Nbd7 6. d3 a6 7. Be3 Nb6 8. Bxb6 cxb6 9. a3 b5 10. Bb3 g6 11. h3 Bg7 12. Nge2 0-0 13. 0-0 Rc8 14. Re1 Nd7 15. g4 Bxg4 16. hxg4 Ne5 17. Ng3 Qd7 18. f3 h5 19. d4 Nc4 20. Nce4 hxg4 21. fxg4 Nxb2 22. Qd2 Qxg4 23. c3 Nc4 24. Qe2 Qh3 25. Qg2 Qh4 26. Qh2 Qg4 27. Qe2 Qd7 28. Qf3 f5 29. Nc5 Rxc5 30. dxc5 Nd2 31. Qd1 Bxc3 32. Rc1 Bd4+ 33. Kg2 Nxb3 34. Qxb3 Kg7 35. c6 bxc6 36. dxc6 Qc7 37. Qe6 Qf4 38. Qxe7+ Rf7 39. Qe2 Qg5 40. Qd3 Be5 41. Qe3 Qxe3 42. Rxe3 Bf4 43. c7 Bxc7 44. Re6 f4 45. Ne4 Bd8 46. Rcc6 f3+ 47. Kg3 g5 48. Kf2 g4 49. Rg6+ Kf8 50. Rxg4 a5 51. Ng5 Rf5 52. Ne6+ Ke7 53. Rg7+ Kf6 54. Rd7 1-0

[Event "Zlin Region-chT 2324"]
[Site "Czech Republic"]
[Date "2023.10.22"]
[Round "1.8"]
[White "Ramis, Ondrej"]
[Black "Jakubal, Petr"]
[Result "1/2-1/2"]
[WhiteElo "1897"]
[BlackElo "1681"]
[PlyCount "58"]
[EventDate "2023.10.22"]
[EventType "team-tourn"]
[EventRounds "11"]
[EventCountry "CZE"]
[SourceTitle "EXT 2025"]
[Source "ChessBase"]
[SourceDate "2024.10.14"]
[SourceVersion "1"]
[SourceVersionDate "2024.10.14"]
[SourceQuality "1"]
[WhiteTeam "Kromeriz Slavia III"]
[BlackTeam "Francova Lhota Sokol"]
[WhiteTeamCountry "CZE"]
[BlackTeamCountry "CZE"]

1. d4 Nf6 2. c4 e6 3. Nf3 d5 4. Nc3 c5 5. cxd5 cxd4 6. Qa4+ Qd7 7. Qxd4 Nxd5 8. Bd2 Nf6 9. 0-0-0 Qxd4 10. Nxd4 a6 11. g3 Bc5 12. Bf4 Nbd7 13. Be3 Ng4 14. Ne4 Nxe3 15. fxe3 Ba7 16. Bg2 Ke7 17. Rhf1 Nf6 18. Nxf6 gxf6 19. Rd3 Rb8 20. Rfd1 e5 21. Nc2 Bf5 22. e4 Be6 23. Ne3 Bxe3+ 24. Rxe3 Rbc8+ 25. Kb1 Rhd8 26. Red3 Bc4 27. Rxd8 Rxd8 28. Rxd8 Kxd8 29. e3 Ke7 1/2-1/2